Statystyki dla Strzelcy bramek w 10 kolejce Ekstraklasy w sezonie 2020/21.

Kliknij tutaj aby rozwiązać quiz!

Ogólne statystyki

  • Ten quiz został rozwiązany 13 razy
  • Średni wynik to 12 z 25

Statystyki odpowiedzi

MeczPiłkarz% Poprawnych
Lech Poznań - Raków Częstochowa 1:2Ishak
92%
Jagiellonia Białystok - Wisła Płock 2:0Imaz
77%
Lech Poznań - Raków Częstochowa 2:2Moder
77%
Piast Gliwice - Lechia Gdańsk 2:0Czerwiński
69%
Pogoń Szczecin - Podbeskidzie 0:1Biliński
62%
Lech Poznań - Raków Częstochowa 0:1Ivi
62%
Piast Gliwice - Lechia Gdańsk 1:0Świerczok
62%
Lech Poznań - Raków Częstochowa 3:3Szelągowski
62%
Cracovia - Legia Warszawa 0:1Mladenovic
54%
Lech Poznań - Raków Częstochowa 3:2Ramirez
54%
Jagiellonia Białystok - Wisła Płock 5:1Puljic
46%
Jagiellonia Białystok - Wisła Płock 3:0Puljic
46%
Jagiellonia Białystok - Wisła Płock 1:0Puljic
46%
Lech Poznań - Raków Częstochowa 0:2Zawada
46%
Zagłębie Lubin - Stal Mielec 2:1Domański
38%
Zagłębie Lubin - Stal Mielec 2:2Forsell
38%
Jagiellonia Białystok - Wisła Płock 5:2Rasak
38%
Zagłębie Lubin - Stal Mielec 2:0Balic
31%
Pogoń Szczecin - Podbeskidzie 1:1Benedyczak
31%
Zagłębie Lubin - Stal Mielec 1:0Chodyna
31%
Warta Poznań - Wisła Kraków 1:1Grzesik
31%
Jagiellonia Białystok - Wisła Płock 3:1Kocyła
31%
Warta Poznań - Wisła Kraków 2:1Kuzimski
31%
Warta Poznań - Wisła Kraków 0:1Mehremic
31%
Jagiellonia Białystok - Wisła Płock 4:1Pospisil
31%

Rozkład punktacji

Percentyl według liczby udzielonych odpowiedzi

Procent ludzi z każdym wynikiem

Twoja historia wyników

Nie rozwiązałeś tego quizu